00881 2200313 4500001002100000005001500021035002000036007000300056040001600059100003100075245007900106300004500185020002200230041000800252082001100260084001700271090002000288264003300308336002100341337003000362338002300392650002000415850001000435008004100445250002000486990002100506990002100527990001900548INLIS00000000000454520260525111313 a0010-0122000177ta aSPBUPDbind0 aIndayati OetomoePengarang1 aEtnics Work :bPintar Membawa Diri dalam Segala Situasi /cIndayati Oetomo aviii, 124 hal. :billus. ;c16,5 x 21 cm a978-979-29-3992-70 aind a155.25 a155.25 IND e a153.8 OGD b 2-1 a.--Yogyakarta :bAndi,c2022 2rdacontentaTeks 2rdamediaaTanpa Perantara 2rdacarrieravolume 4aEtika Pergaulan aPUPAD260525 0  a.-Ed. 1, Cet. 9 a22.638/KAPD/2016 a22.639/KAPD/2016 a22.636/KAPD/16